Українська Православна Нива (Запис № 574749)
[ простий вигляд ]
| 000 -Лідер | |
|---|---|
| fixed length control field | 00802nam a22002057a 4500 |
| 001 - Контрольний номер | |
| control field | 2162214035923944 |
| 003 - Ідентифікатор контрольного номера | |
| control field | UA-OsUOA |
| 005 - Дата та час останнього входження (трансакції) | |
| control field | 20230801113859.0 |
| 008 - Елементи даних фіксованої довжини – загальна інформація | |
| fixed length control field | 230801b un ||||| |||| 00| 0 ukr d |
| 040 ## - Джерело каталогізації | |
| Агенція оригінальної каталогізації | UA-OsUOA |
| Мова каталогізації | ukr |
| Агенція, яка здійснювала перезапис | UA-OsUOA |
| Агенція, яка здійснювала модифікацію | UA-OsUOA |
| 041 ## - Код мови | |
| Код мови тексту/ звукової доріжки чи окремого заголовка (П) | ukr |
| 080 ## - Індекс Універсальної десяткової класифікації | |
| Індекс Універсальної десяткової класифікації (УДК) (НП) | 050:271 |
| 090 ## - Локальний шифр розміщення | |
| Класифікаційний індекс УДК | 050:271 |
| 245 ## - Відомості про назву | |
| Назва (НП) | Українська Православна Нива |
| Решта назви (НП) | 1959: 5(77); 8-9(80-81); 11-12(83-84); 1960: 4(88) (2 прим.); 9(93); 1961: 1-2(97-98) (3 прим.); 4(100); 7-8(103-104); 9-10(105-106); 11-12(107-108) 1962: 1-2(109-110); 8-9(116-117); 10(118); |
| 246 ## - Інша форма назви | |
| Назва (НП) | Листок |
| 246 ## - Інша форма назви | |
| Назва (НП) | Православна Нива |
| 260 ## - Публікація, розповсюдження і т.п. (Вихідні дані) | |
| Місце публікації, розповсюдження і т.п. (П) | Куритіба |
| Дата публікації, розповсюдження і т.п. (П) | 1954-1974 |
| 650 ## - Додаткове предметне введення – тематичний термін | |
| Джерело заголовка чи терміна | UDC |
| Тематичний термін чи географічна назва, як елемент введення (НП) | 050 Серіальні видання. Періодика |
| 942 ## - Додаткові елементи входу (Коха) | |
| Source of classification or shelving scheme | Universal Decimal Classification |
| Тип елемента Koha | Журнал |
Немає доступних примірників.